Départements les plus visités par François Hollande durant son mandat - Statistiques

Statistiques générales
  • Ce quiz a été pris 301 fois
  • Le résultat moyen est 10 sur 14
Statistiques - réponses
Nombre de déplacements Département % Correct
282 Paris
97%
6 Bouches-du-Rhône
85%
34 Seine-Saint-Denis
80%
15 Yvelines
77%
9 Bas-Rhin
70%
10 Hauts-de-Seine
70%
7 Pas-de-Calais
70%
7 Gironde
69%
9 Val-de-Marne
69%
5 Val-d'Oise
68%
14 Corrèze
67%
7 Finistère
58%
5 Seine-Maritime
57%
5 Moselle
39%
Aucun quiz correspondant
Distribution des résultats
% des personnes avec chaque résultat
Percentile par nombre de réponses
Votre historique - résultats
Vous n’avez pas pris ce quiz